Valparaíso sobre rieles. El ferrocarril, los tranvías y los 30 ascensores.
Saved in:
| Main Author: | |
|---|---|
| Format: | Book |
| Language: | Spanish |
| Published: |
Valparaíso, Chile:
Puerto de Escape,
2009.
|
| Edition: | Primera edición. |
| Series: | Valparaisología Colección Monográfica.
|
| Subjects: | |
| Tags: |
Add Tag
No Tags, Be the first to tag this record!
|
MARC
| LEADER | 00000cam a2200000 a 4500 | ||
|---|---|---|---|
| 001 | UCG1716 | ||
| 003 | CL-VaPUC | ||
| 005 | 20241205121546.0 | ||
| 008 | 100513e20091200CL |||||||||||||||||spa|d | ||
| 999 | |c 340989 |d 340987 | ||
| 020 | |a 978-956-8648-05-03 | ||
| 040 | |c Pontificia Universidad Católica de Valparaíso | ||
| 082 | 0 | 4 | |a 385 LEO 2009 |2 21 |
| 100 | |a León Cáceres, Samuel |e autor |9 377 | ||
| 245 | 1 | 0 | |a Valparaíso sobre rieles. |b El ferrocarril, los tranvías y los 30 ascensores. |
| 250 | |a Primera edición. | ||
| 260 | |a Valparaíso, Chile: |b Puerto de Escape, |c 2009. | ||
| 300 | |a 141 páginas: ilustraciones. | ||
| 490 | |a Valparaisología Colección Monográfica. | ||
| 500 | |a c.5: Donación P.I.I.E. 2-12-2024. | ||
| 583 | |a last modification |c 20141023 03:13:36 |k Rodrigo Vera | ||
| 650 | 0 | |a Ferrocarriles |9 260933 |v Historia |z Valparaíso, Chile | |
| 650 | 0 | |a Tranvías |9 359375 |v Historia |z Valparaíso, Chile | |
| 650 | 0 | |a Ascensores |9 267480 |v Historia |z Valparaíso, Chile | |
| 942 | |c BK |2 ddc | ||
| 945 | |d 20100513 00:00:00 |a dcastane | ||
| 952 | |0 0 |1 0 |4 0 |6 385_000000000000000_LEO_2009 |7 0 |8 X |9 436170 |a FDOBUD |b FDOBUD |d 2019-11-22 |i 4672232 |o 385 LEO 2009 |p 4672232 |r 2019-11-22 |w 2019-11-22 |y BK_X |k BUD | ||
| 952 | |0 0 |1 0 |4 0 |6 385_000000000000000_LEO_2009 |7 0 |8 X |9 436171 |a FDOBUD |b FDOBUD |d 2019-11-22 |i 4672240 |o 385 LEO 2009 |p 4672240 |r 2019-11-22 |w 2019-11-22 |y BK_X |k BUD | ||
| 952 | |0 0 |1 0 |3 erb |4 0 |6 385_000000000000000_LEO_2009 |7 0 |8 X |9 436172 |a BIBHIS |b BIBHIS |i 5119995 |o 385 LEO 2009 |p 5119995 |r 2024-01-30 |w 2019-11-22 |y BK_X |z Catalogado en:20141023 |k HIS | ||
| 952 | |0 0 |1 0 |2 ddc |4 0 |6 385_000000000000000_LEO_2009 |7 0 |8 A |9 598490 |a BIBGIM |b BIBGIM |d 2024-12-05 |e Donación |i 5663509 |o 385 LEO 2009 |p 5663509 |r 2025-01-15 |t 2 |w 2024-12-05 |y BK |k ELE | ||